000 00545nam a22001817a 4500
005 20251108165928.0
008 250721s2002 xx 000 0 ara d
082 1 4 _a515/قاد
100 1 _aالقادري، محمد
245 1 0 _aالتفاضل و التكامل /
264 1 _aعمان :
_bدار صفاء للنشر و التوزيع،
_c2002.
300 _a519ص
650 1 7 _aالرياضيات
650 1 7 _aحساب التفاضل و التكامل
700 1 _aالبستنجي، جمال
942 _2ddc
_cBK
999 _c35087
_d35087